000 00977nam a22002057a 4500
999 _c58988
_d58988
003 Ge_BSU
005 20221027152320.0
008 221027s2008 ge ||||| |||| 00| 0 geo d
020 _a9789994025893
041 _ageo
080 _a339.138(075.8) მ-25
100 _aმამულაძე, გელა.
_915596
245 _aმარკეტინგი :
_bპრობლემები, ანალიზი, დასკვნები : დამხმ. სახელმძღვ. /
_cგელა მამულაძე ; [რედ. დევი შონია].
264 _aბათუმი :
_bშოთა რუსთაველის სახელმწ. უნ-ტი,
_c2008.
300 _a182 გვ. :
_b ცხრ. ;
_c20 სმ.
504 _aბიბლიოგრ.: გვ. 177-179.
653 _aმარკეტინგი
700 _aშონია, დევი
_eრედაქტორი.
_913274
942 _2udc
_cBK